000 01926nam a2200529 i 4500
001 25704
003 KOSZ 005
005 20200714082028.0
008 200714s1973 pl a f 000 0 pol
015 _aUWD 1974/1148
035 _a991028339879705066
035 _a(PL-WaBN)b1767167x-48omnis_nlop
035 _ab1767167x
035 _a(OCoLC)838783146
035 _a(PL)b0000001767167
035 _a(EXLNZ-48OMNIS_NETWORK)9910509508105606
040 _aWA N
_cWA N
_dKOSZ 005/RW
046 _k1973
080 _a693
080 _a666.97/.98
080 _a(083.1)
100 1 _aBielicki, Wojsław
_eAutor
245 1 0 _aFaktury zewnętrzne prefabrykatów i betonu licowego /
_cWojsław Bielicki, Stefan Błociszewski.
260 _aWarszawa :
_b"Arkady",
_c1973.
300 _a99, [1] stron, [14] stron tablic :
_bilustracje (w tym kolorowe) ;
_c21 cm.
336 _aTekst
_btxt
_2rdacontent
337 _aBez urządzenia pośredniczącego
_bn
_2rdamedia
338 _aWolumin
_bnc
_2rdacarrier
380 _aKsiążki
380 _aPublikacje fachowe
388 1 _a1901-2000
388 1 _a1945-1989
504 _aBibliografia przy rozdziałach.
521 8 _aKsiążka jest przeznaczona dla inżynierów i techników budownictwa zatrudnionych przy projektowaniu i produkcji prefabrykatów oraz przy wykonywaniu obiektów żelbetowych monolitycznych, a także dla architektów.
650 7 _aMateriały budowlane
_2DBN
650 7 _aTechnologia
650 7 _aBeton
650 7 _aPrefabrykaty
_2DBN
650 7 _aEstetyka
655 7 _aPoradnik
658 _aArchitektura i budownictwo
700 1 _aBłociszewski, Stefan
_eAutor
710 2 _aWydawnictwo Arkady
_4pbl
856 _uhttp://koha.tu.koszalin.pl/cgi-bin/koha/opac-detail.pl?biblionumber=25704
_yKatalog online BPK
942 _2UKD
_cKS
999 _c25704
_d25704